000 00452nam a22001817a 4500
003 Ost
005 20220825164612.0
008 220825b |||||||| |||| 00| 0 eng d
020 _aNA
040 _cBT-PhCST
050 _a5594
082 _222
_a604.2
100 _aNarayana, K. L. and Kannaiah, P.
245 _aText book of engineering drawing /
260 _aIndia,
_bScitech Publications,
_cc2002.
300 _a0
_bill. ;
942 _2ddc
_cCIVIL
_02
999 _c1477
_d1477